000 01099cam a2200313 i 4500
001 20251772
005 20230105134124.0
008 180108s2019 mau b 001 0 eng
010 _a 2017058093
020 _a9780134695792
020 _a0134695798
040 _aDLC
_beng
_cDLC
_erda
_dDLC
042 _apcc
043 _an-us---
050 0 0 _aHV40
_b.D78 2019
082 0 0 _a361.3/2
_223
100 1 _aDuBois, Brenda,
_d1949-,
_eauthor.
245 1 0 _aSocial work :
_ban empowering profession /
_cBrenda DuBois and Karla Krogsrud Miley.
250 _aNinth edition.
260 _a New York:
_bPearson,
_c2019.
300 _axix, 476 pages ;
_c25 cm
504 _aIncludes bibliographical references (pages 423-461) and index.
650 0 _aSocial service.
650 0 _aSocial service
_zUnited States.
700 1 _aMiley, Karla Krogsrud,
_d1942-
_eauthor.
906 _a7
_bcbc
_corignew
_d1
_eecip
_f20
_gy-gencatlg
942 _2lcc
_cBOOKS
_hHV 40 .D78 2019
999 _c31501
_d31501